000 00941cam a22002771i 4500
001 7894527
003 EG-ScBUE
005 20250616122227.0
008 770406r19561950nyu f b 000 0 eng d
035 _a(OCoLC)2866520
040 _aDLC
_beng
_erda
_cODa
_dUk
_dDLC
_dEG-ScBUE
082 0 4 _a536.2
_222
_bJAK
100 1 _aJakob, Max,
_d1879-1955,
_eauthor.
_97003
245 1 0 _aElements of heat transfer and insulation /
_cby the late Max Jakob and George A. Hawkins.
250 _aSecond edition.
264 1 _aNew York :
_bWiley,
_c1956.
300 _axvi, 230 pages :
_billustrations ;
_c24 cm
336 _2rdacontent
_atext
_btxt
337 _aunmediated
_2rdamedia
_bn
338 _avolume
_bnc
_2rdacarrier
504 _aIncludes bibliographical references.
650 7 _aHeat
_xTransmission.
_2BUEsh
_97004
655 _vReading book
700 1 _aHawkins, George A.
_q(George Andrew),
_d1907-
_ejoint author.
_97005
942 _2ddc
_cBB
999 _c12050
_d12050